Where Are They From - City #3 - Statistics

General Stats
  • This quiz has been taken 71 times
  • The average score is 8 of 12
Answer Stats
Hint Answer % Correct
Julius Caesar, Sophia Loren, Francesco Totti, Pope Pius XII Rome
100%
Plato, Socrates, Tommy Lee, Stefanos Tsitsipas Athens
95%
Marie Curie, Robert Lewandowski, Joanna Krupa, Casimir Pulaski Warsaw
90%
Andy Garcia, Camila Cabello, Gloria Estefan, Jose Canseco Havana
84%
Justin Trudeau, Margaret Atwood, Alanis Morissette, Dan Aykroyd Ottawa
78%
Liam Gallagher, Tyson Fury, Davey Boy Smith, Karl Pilkington Manchester
68%
Bill Gates, Jimi Hendrix, Rainn Wilson, Macklemore Seattle
67%
Wayde van Niekerk, Reeva Steenkamp, J. M. Coetzee, Jacques Kallis Cape Town
60%
Patrick Swayze, Kenny Rogers, The Undertaker, Beyoncé Knowles Houston
57%
Eric Cantona, France Nuyen, Antonin Artaud, Petronius Marseille
48%
A. R. Rahman, Ravichandran Ashwin, Rekha, Padma Lakshmi Chennai
44%
Richard Dawkins, Chris Froome, Gurinder Chadha, Auma Obama Nairobi
33%
No matching quizzes found
Score Distribution
Percent of People with Each Score
Percentile by Number Answered
Your Score History
You have not taken this quiz